[Event "Ciocaltea Memorial"]
[Site "Bucharest"]
[Date "1998.??.??"]
[Round "4"]
[White "Vajda, Levente"]
[Black "Florean, Andrei"]
[Result "0-1"]
[WhiteElo "2440"]
[BlackElo "2455"]
[Annotator "Har Zvi,R"]
[PlyCount "102"]
[EventDate "1998.02.??"]
[EventType "tourn"]
[EventRounds "13"]
[EventCountry "ROU"]
[EventCategory "11"]
[SourceTitle "CBM 064"]
[Source "ChessBase"]
[SourceDate "1998.06.02"]
[SourceVersion "1"]
[SourceVersionDate "1998.06.02"]
[SourceQuality "1"]

1. e4 c5 2. c3 d5 3. exd5 Qxd5 4. d4 Nf6 5. Nf3 e6 6. Bd3 cxd4 7. cxd4 Nc6 8.
a3 Be7 9. Nc3 Qd6 10. Be3 O-O 11. Qc2 Bd7 12. O-O Rac8 13. Rad1 Rfd8 (13... h6
14. Qd2 e5 (14... Nd5 15. Nxd5 Qxd5 16. Rfe1 Qh5 17. b4 Bd6 18. Be2 $36 {
Sermek,D-Podlesnik,B/Portoroz 1996/EXP51}) 15. Nb5 Qd5 16. Nc3 Qd6 17. Nb5 Qd5
18. Nc3 Qd6 19. dxe5 Nxe5 20. Nxe5 Qxe5 21. Rfe1 Bd6 22. f4 Qh5 23. Be2 Bg4 $13
{Margolin,B-Zagrebelny,S/Moscow4 1995/EXP47}) 14. Rfe1 Be8 15. Bg5 $6 {this is
really very strange please compare the coontinuatioon in the game to foor
example let's say the game Lutz-Zagrebelny mentioned here just in the line 15.
Bc1 black any way playes "h6" we get same positions exactly the same! with
black just having another tempi! since white playes Bg5 and after any way h6
he playes Bc1!! can some one explain this to me???} (15. Bc1 h6 16. Qe2 Bf8 17.
Bb1 g6 18. Ba2 Bg7 (18... a6 19. d5 (19. h3 $5) 19... exd5 20. Nxd5 Nxd5 21.
Bxd5 Qf6 22. h3 Rd6 23. Qe4 (23. Be3 $5) 23... Rcd8 24. Bb3 {1/2-1/2 Lutz,
ch-Zagrebelny,S/Moscow (ol) 1994/62/(144)}) 19. h3 (19. Nb5 Qf8 20. Nc3 Qd6 21.
Ne4 Qe7 22. Ng3 Nd5 23. h4 Na5 $1 $132 {[%cal Ge8a4] Sermek,D-Zagrebelny,S/
Ljubljana op 1994}) 19... Ne7 20. Ne5 Nf5 21. Bf4 Qa6 $2 (21... Nxd4 22. Qe3 g5
23. Nxf7 (23. Bh2 Qb6 24. Nc4 Nc2 $15 {/-/+}) 23... Qxf4 (23... gxf4 24. Nxd6
fxe3 25. Nxc8 $18) 24. Nxd8 Rxd8 25. Bxe6+ Kh8 $13) 22. Qxa6 bxa6 23. d5 exd5
24. Nxd5 $14 {Rozentalis,E-Andersson,U/Tilburg (m/2) 1993/59/171 [Rozentalis]})
15... h6 16. Bc1 Bf8 (16... Kh8 17. Bf1 (17. Qe2 $2 Nxd4 18. Nxd4 Qxd4 19. Be3
Qh4 20. Bxa7 Bxa3 $1 $17 {Basirov,R-Tihonov,J/Minsk op 1996}) 17... Na5 18. Ne5
Nd5 19. Qd3 Nxc3 20. bxc3 Nc6 21. Nc4 Qd5 $13 {Rozentalis,E-Shneider,A/URS-ch
Leningrad 1990}) 17. Qe2 a6 18. Bb1 g6 19. Ba2 Bg7 20. h4 $6 {this looks to
agressive atleast in my opinion,after "d5" we get a drawish positioon oor
white can still try to play normal with h3...} Ne7 $1 {the best move,the
knight may go booth to "f5" and "d5" very goood places foor him} 21. Ne5 Ned5 (
21... Nf5 $5 22. Nxg6 $6 (22. d5 exd5 23. Nxd5 Nxd5 (23... Rxc1 $2 24. Nxf6+
Qxf6 25. Rxc1 $16) 24. Rxd5 (24. Bxd5 Rxc1 25. Nxf7 Bxf7 26. Bxf7+ Kxf7 27.
Rxc1 (27. Rxd6 Rxe1+ 28. Qxe1 Rxd6 $15 {/-/+}) 27... Kg8 $15) 24... Qf6 25.
Rxd8 Rxd8 26. h5 $13) 22... fxg6 23. Bxe6+ Bf7 24. Bxc8 Rxc8 $15 {/-/+}) 22.
Qf3 b5 23. Nxd5 (23. Bf4 Qb6 $15) 23... Nxd5 24. h5 $6 {so this was white's
idea to play one day "h5" and open the b1-h7 diagonal,well this seems very
impressive and dangerous for black but infect white has nothing on this
diagonal and the only thing that he will get is a very weak "h5" which he will
lose very soon!} (24. Bb1 $142) 24... g5 {now black also controls the "f4"
square} 25. Bb1 Nf6 $1 $15 {/-/+ a very powerful move both defending the "h7"
square and attacking white's "h5" pawn black's play is simple first play Bc6,
he does noot mined to give his bishop for white's knight since both white's
bishops are very bad} 26. Bd2 (26. Be3 $5 Bc6 27. Qe2 Ba8 {[%cal Gd6d5] is
similar to the game}) 26... Bc6 (26... Qxd4 $4 27. Ba5 $18) 27. Qe2 (27. Nxc6
Qxc6 28. Qd3 Qc4 $17 {[%csl Rd4,Rh5]}) 27... Qd5 (27... Ba8 28. Ba5 Re8 29. Ba2
Nd5 $17) 28. Qf1 $2 {after this white gets a losing position he had to take
the bishop on "c6"} (28. Nxc6 Rxc6 $15) 28... Ba8 $1 $17 (28... Nxh5 $6 29. Ba5
Re8 30. Be4 Qxe4 31. Rxe4 Bxe4 {and even here black is not worse probably
better,but of course after Ba8! he has big advantage}) 29. Ba5 Re8 30. f3 Nxh5
{black has an extra pawn with no weaknesses it is white which has the
weaknesses black should bw winning here} 31. Qd3 f5 $1 (31... Nf6 $2 {it is
never too late to make a serious mistake!} 32. Ng4 Qf5 (32... Nxg4 $4 33. Qh7+
Kf8 34. Bb4+ Re7 35. Bxe7+ Kxe7 36. Qxg7 Nf6 37. Qxh6 $18) 33. Qxf5 (33. Qe2
Qf4) 33... exf5 34. Bxf5 $14) 32. Qd2 Nf4 33. Bb6 h5 {the idea is just to play
"h4" and at one moment play -h3 followed by Bxe5 and the a8-h1 diagonal become
decisive} 34. b4 h4 35. Kh2 (35. Ba2 Qd6 36. Bc5 Qd8) 35... Qd6 36. Bc5 Qd8 {
[%cal Gg7f6,Yg8g7]} 37. g3 $6 {this makes things faster but the white is
losing with no real chances any way} hxg3+ 38. Kxg3 Bf6 {it is black which
will use the "h" not white} 39. Qh2 Kg7 40. Rh1 Rh8 41. Qa2 (41. Qxh8+ Qxh8 42.
Rxh8 Rxh8 $19) {[%tqu "En","can you find the quickest way for black to decide
the game","","","f6e5","",6]} 41... Bxe5 $1 42. dxe5 Rh3+ 43. Kf2 (43. Rxh3
Qxd1) 43... Rh2+ 44. Rxh2 Qxd1 45. Bxf5 Qxf3+ 46. Ke1 exf5 47. Rh7+ Kxh7 48.
Qf7+ Kh6 49. Bf8+ Rxf8 50. Qxf8+ Kh5 51. Qh8+ Kg4 0-1

[Event "RUS-Cup03 Geller Memorial"]
[Site "Moscow"]
[Date "1999.02.13"]
[Round "4"]
[White "Vorotnikov, Vladislav V"]
[Black "Fokin, Sergey"]
[Result "1-0"]
[WhiteElo "2463"]
[BlackElo "2390"]
[Annotator "Har Zvi,R"]
[PlyCount "79"]
[EventDate "1999.02.10"]
[EventType "swiss"]
[EventRounds "9"]
[EventCountry "RUS"]
[SourceTitle "CBM 070"]
[Source "ChessBase"]
[SourceDate "1999.06.08"]
[SourceVersion "1"]
[SourceVersionDate "1999.06.08"]
[SourceQuality "1"]

1. e4 c5 2. c3 d5 3. exd5 Qxd5 4. d4 Nf6 5. Na3 e6 6. Nb5 Na6 7. Be3 Bd7 (7...
cxd4 8. Qxd4 Qxd4 (8... Bc5 $2 9. Qxc5 $1 {--> CBM 28} (9. Qxc5 Qxc5 10. Bxc5
Nxc5 11. Nc7+ Kd8 12. Nxa8 Bd7 13. Nf3 Kc8 14. b4 Na4 15. Ne5 $18 {1-0 Kharlov,
A-Csom,I/Bern op 1992/CBM 28 (36)})) 9. Bxd4 $14 b6 10. a4 $1 (10. Be2 Bb7 11.
Bf3 Bxf3 12. Nxf3 Nd7 13. O-O-O f6 14. Rhe1 e5 15. Be3 Be7 16. Rd5 Nf8 17. Nh4
$1 $14 {1-0 Kharlov,A-Zilberman,Y/Leeuwarden op 1994/EXT 94op (28)}) 10... Nd7
(10... Bc5 $2 11. Bxc5 bxc5 12. Nd6+ Kd7 13. Nxc8 Nc7 $8 14. Nxa7 $18 {_|_})
11. a5 Kd8 (11... f6 $2 12. axb6 axb6 13. Rxa6 $1 {/\ 14.Nc7+ +-}) 12. Nf3 f6
13. Bc4 Bb7 $2 (13... e5 14. Bd5 Rb8 15. Be3 bxa5 16. Rxa5 $16) (13... Bc5 $142
{/\Ke7+/=}) 14. Bxe6 Nac5 15. Bxc5 Nxc5 (15... Bxc5 $2 {Blatny,P} 16. O-O-O Bc8
(16... Bc6 17. Nfd4 Bxd4 18. Nxd4 Bb7 19. Nf5 Bc8 20. Nd6 $18) 17. Nfd4 $1 Bxd4
$8 18. Rxd4 Re8 19. Bd5 Rb8 20. Nxa7 $18) 16. O-O-O+ $1 Ke7 17. Rhe1 $1 $16 {
1-0 Sermek,D-Bukic,E/Bled op (7/05) 1992/Inf 07/[Blatny,P] (29)} (17. Ba2 {
Blatny,P} f5 18. Rhe1+ Kf6)) (7... Be7 8. dxc5 O-O 9. b4 Rd8 10. Qxd5 Nxd5 11.
Bc4 Nxe3 12. fxe3 Bg5 13. Ke2 Bd7 14. Nd6 Rab8 15. Nxb7 $18 {1-0 Seferjan,
N-Kozyrev,D/RUS-chT 1993/EXT 97 (25)}) 8. dxc5 Bxc5 9. Bxc5 Qe5+ (9... Qxc5 $5
{this was certainly a critical move since after 9...Qe5 white got simply nice
advantage,after Qxc5 things are not so easy,but also after Qc5 white should be
better but no clear things there} 10. Nd6+ {this must be the move since if not
black playes 0-0 with no problems at all} Ke7 11. Nxb7 Qe5+ 12. Be2 {[%cal
Gg1f3]} (12. Qe2 {this seems very good but there is a problem here} Qxe2+ 13.
Bxe2 (13. Nxe2 Rab8) 13... Bc6 14. Bxa6 Bxg2 {[%csl Rh1]} 15. f3 Bxh1 16. Kf2
Rhc8 17. Ne2 Rc6 18. Bd3 Bxf3 19. Kxf3 Rb6 {when black is better here}) 12...
Bc6 13. Nf3 Bxf3 14. gxf3 Rab8 (14... Nc5 15. Na5 $1) 15. Qd6+ $1 {all other
moves gives black very good compensation} (15. Qa4 Nc5 (15... Rxb7 16. Qxa6
Rhb8 $44) 16. Nxc5 Qxc5 {[%cal Gf6d5,Gd5f4,Gb8b1]}) 15... Qxd6 16. Nxd6 $16
Kxd6 (16... Nb4 17. cxb4 Kxd6 18. O-O-O+ Nd5 19. a3) 17. Bxa6 Rxb2 $4 18.
O-O-O+) 10. Be3 $1 Bxb5 11. Nf3 Qh5 12. c4 $1 {just keeping the pair of bishops
} Bd7 (12... Bc6) 13. Be2 {so we can simply say white should be very happy
with the opening result he has a pawn majority on the Queen's side 3 against 2,
and also a good pair of bishop so white is atleast slightly better.black
decides to go into an endgame where I think it's easy to play with the white
pieces} Qa5+ 14. Qd2 Qxd2+ 15. Kxd2 Ne4+ 16. Kc1 f6 17. b3 e5 18. Kb2 $14 {
/+/-;so white's plan now is very simple put his rooks on the "d" fileand start
edvancing his pawns on the Queen's side combined with his bishop black has an
unpleasent endgame to defend} Nac5 $6 {this allowes white to play a nice small
combination which gives him a clear advantage} (18... Ke7 {was a better move
followed by b6-Nac5}) 19. Nxe5 $1 fxe5 20. f3 {[%csl Re5] so now black is left
with a weak "e" pawn} Na4+ $6 {this is just wronf a pawn is a pawn and even
move in the endgame,well one might think the double "a" powns are nothing just
the same as one pawn,well so that extra pawn decided the game!!that's why
black had tp play Ke7 and just fight for a draw now with an extra pawn white
task becomes easier,although still not easy at all} (20... Ke7 21. Rhd1 {
[%cal Gd1d5]} Bc6 22. fxe4 Nxe4 23. b4) 21. bxa4 Nf6 22. a5 $1 {[%csl Ra7]} a6
{so now the b7-a6 pawn are fixed and white has the "b6" square for his bishop}
23. Rhe1 {[%csl Re5]} Bc6 24. Bb6 {[%cal Gd1d8] this is ok but I have a
strnage plan here which might not be bad,exchanging white "e3" bishop for
black's knight and then maybe going into a rook endgame after also exchanging
the light coloured bishops with Be4 since the "b7" apwmn will be so weak in
such endgames} (24. Bd3 Kf7 25. Bg5 Rhe8 26. Rad1 Rad8 {and white can achive
his plan so easily}) 24... Kf7 (24... Nd7 25. Bd3 Nxb6 26. Rxe5+) 25. Bd3 Rhe8
26. Re3 {[%cal Ga1e1]} e4 27. fxe4 Nxe4 $6 (27... Bxe4 28. Bxe4 Rxe4 29. Rxe4
Nxe4 30. Rf1+ $16) 28. Rf1+ Nf6 (28... Kg8 29. Rfe1 $16) 29. Rg3 $1 {[%cal
Gd3h7,Gb6d4]} Be4 30. Bd4 $1 Bxd3 31. Rxd3 Re2+ 32. Kc3 Rxg2 (32... Rxa2 33.
Bxf6 gxf6 34. Rd6 (34. Rd7+ Kg6 35. Rxb7 Rxa5 36. Rb6 $16) 34... Rxa5 35.
Rdxf6+ Kg8 (35... Kg7 36. Rb6 $16) 36. Rb6 Ra2) 33. Bxf6 gxf6 34. Rd6 Rxh2 (
34... Rxa2 35. Rdxf6+ Kg8 (35... Kg7 36. Rf7+) 36. Rg1+ Kh8 37. Rf7 Rb8 38.
Rgg7 {when again black has to giht hard foe a draw}) 35. Rdxf6+ Ke7 $6 {
this is just a very strange move why to allow Rf7w ith a check??maybe time
trouble since now it's move 35 so it's possible that time had a big factor here
} (35... Kg8 36. Rg1+ Kh8 37. Rf7 $14 {/+/-}) 36. Rf7+ Ke6 37. Rxb7 Rxa2 38.
Rh1 {well this is not what black should get in this endagme and so fast} Rg8 (
38... Rxa5 39. Rh6+ Kf5 40. Rh5+ {[%csl Ra5]}) 39. Rb6+ Ke5 40. Rxh7 $18 {
[%csl Ra6,Re5][%cal Gc3b4][%mdl 4128]} 1-0

[Event "RUS-Cup03 Geller Memorial"]
[Site "Moscow"]
[Date "1999.02.07"]
[Round "6"]
[White "Zakharov, Alexander S"]
[Black "Granovski, Aleksandar"]
[Result "1-0"]
[WhiteElo "2430"]
[BlackElo "2302"]
[Annotator "Har Zvi,R"]
[PlyCount "59"]
[EventDate "1999.02.10"]
[EventType "swiss"]
[EventRounds "9"]
[EventCountry "RUS"]
[SourceTitle "CBM 070"]
[Source "ChessBase"]
[SourceDate "1999.06.08"]
[SourceVersion "1"]
[SourceVersionDate "1999.06.08"]
[SourceQuality "1"]

1. e4 c5 2. c3 d5 3. exd5 Qxd5 4. d4 Nc6 5. dxc5 Qxc5 6. Be3 (6. Na3 Nf6 (6...
e5 7. Nb5 Qe7 8. Be3 a6 9. Bc5 Qxc5 10. Nc7+ Ke7 11. Nxa8 Nf6 $44) 7. Nf3) 6...
Qa5 7. Na3 (7. Nf3 Nf6 8. Bc4 $6 (8. Na3) 8... e6 (8... g6 $2 9. Qb3 $1) 9. O-O
Be7 10. Nd4 Bd7 11. Nd2 Nxd4 12. Bxd4 Bc6 (12... Bb5 $10) 13. Re1 O-O 14. Nb3
$6 (14. Nf3) 14... Qg5 15. g3 (15. Bf1 Rfd8 $15) (15. f3) 15... Rad8 16. f4 (
16. Re5 Qxe5 17. Bxe5 Rxd1+ 18. Rxd1 $10) 16... Qh6 17. Qe2 $2 (17. Qc2 $13)
17... Ne4 $1 18. Qe3 (18. Bxa7 $2 Nxg3 $1 $19) 18... b6 $132 {0-1 Yudasin,
L-Polgar,Z/Pamplona 1990/CBM 21/[Polgar,Zsu] (41)}) 7... Nf6 8. Nf3 (8. Nb5 a6
9. b4 Nxb4 10. cxb4 Qxb4+ 11. Qd2 Qxd2+ 12. Kxd2 axb5 13. Bxb5+ Bd7 14. Bxd7+
Nxd7 15. Nf3 e6 16. Rhb1 b6 17. Bxb6 Nxb6 18. Rxb6 Bc5 19. Rc6 Bxf2 20. Ke2 Ba7
$15 {/-/+;1/2-1/2 Bronstein,D-Vasiukov,E/Lasker mem 1968/MCL 03 (37)}) 8... e6
9. Nc4 Qc7 10. Qa4 {quite a strange idea in my opinion since the Queen has
nothing really to do there except maybe putting some pressure along the a4-e8
diagonal when this can be met very easily with Bd7 only that now after Bd7
white may play Nb6 as was is the game so I think if first blac playes Nd5 he
should no problem at all} Bd7 $6 {to be honest an unclear move in my opinion
why to allow white Nb6 with Nxd7??} (10... Nd5 {[%cal Gc8d7]}) 11. Nb6 Rd8 12.
Nxd7 Rxd7 13. Bxa7 $5 {an interesting move white can got probably a slight
advantage with no risk after Simply Bb5,but of course Bxa7 is the more
critical move} (13. Bb5 {[%cal Gf3d4,Ge3a7]} a6 14. Bxc6 Qxc6 15. Qxc6 bxc6 16.
Ke2 $14) 13... b6 {another very critical line was Nxa7 followed by Qc6} (13...
Nxa7 14. Qxa7 Qc6 {[%csl Ra7][%cal Gf8c5]} 15. Ne5 {this simple move seems
just the best} (15. Qb8+ Rd8 16. Qe5 Bc5 {[%cal Gc6b6,Gc5f2,Gf6g4]}) 15... Qe4+
16. Qe3 Qxe3+ 17. fxe3 Rd5 18. Nf3 Bc5 19. Bc4 $14 {[%cal Ge1e2] /+/-}) 14.
Bxb6 Qxb6 15. Bb5 Nb8 (15... Rc7 16. Ne5) 16. Ne5 Bd6 17. Nxd7 Nbxd7 {this is
a very complicated position,well white has some small material advantage but
the main question is what will white do with his free pawns on the Queen's
side,since if he will not be able to advance them then they will become a
target to black's attack,black's quick loss in the game does reflect the
position which maybe better for white but very unclear and complicated} 18.
O-O-O $6 {white got his rook on d1 and also made castle in one move but the
king's maybe weak on the Queen's side,considering all factors I think it is
wrong the king should be on the King's side} (18. O-O $5 Ke7 19. Bxd7 Nxd7 20.
Rfd1 $14) 18... Ke7 {[%cal Gh8b8]} 19. Qa6 Qxa6 (19... Qc5 $5 {[%cal Gh8b8]
well black should try to avoid exchanging Queens since now with white's king
on B1 he may have attacking chances there} 20. Qc6 Qxc6 21. Bxc6 Ne5 {[%cal
Ge5g4]}) 20. Bxa6 Ra8 21. Bc4 Ng4 $1 {and now it's already not clear who is
better at all since white has big problems defending the "f2" pawn} 22. Rd4 (
22. Rd2 Bf4) (22. Rhf1 Nxh2 23. Rh1 Ng4 24. Rxh7 Ndf6 25. Rxg7 Bf4+ 26. Kc2 Bh6
{[%csl Rg7]}) 22... Nge5 $1 {[%csl Ra2,Rc4][%cal Gd6c5]} (22... Nxf2 23. Rf1
Bc5 24. Rxf2 Ne5 {[%csl Ra2,Rc4,Rd4,Rf2]} 25. b3 $1 Nxc4 26. bxc4 Bxd4 27. cxd4
$16) 23. Bb3 Bc5 24. Ra4 Rd8 $2 {well I can not understand nor explain this
move just thinking that black was sure that exchanging rooks is so terrible
for him why?? I do not know} (24... Rxa4 25. Bxa4 Nd3+ 26. Kc2 Nxf2 {[%cal
Ge6e1] when black's "e" and "f" combined with his bishop and knights are no
less dangerous than white's pawns on the Queen's side}) 25. f4 Nd3+ 26. Kc2 Nf2
27. Re1 $1 {[%cal Gf4f5]} Ng4 (27... g6 $5 {with still an uncealr position,
although white seems to achive a lot than before}) 28. Kb1 {just a good move
preventing black from playing Ne3 check in many cases} (28. f5 $2 Ne3+) 28...
Nxh2 $2 {and this certainly a big mistake allowing white to play f5 black had
to prevent this idea from white} (28... g6) 29. f5 $16 {[%csl Rh2][%cal Ge1h1]}
Nb6 (29... Nf8 30. Rh1 Bd6 31. fxe6 fxe6 32. Rh4 {[%csl Rh2]}) 30. Ra5 {
when here I suspect black lost on time since well he can play here for few
more moves and maybe this is not a position to resign but ny way white is
simply winning here} (30. Ra5 Nd7 31. fxe6 fxe6 32. Bxe6 Bd6 33. Bf5+ Kf8 34.
Bxh7 {[%mdl 12288]}) 1-0

[Event "RUS-Cup03 Geller Memorial"]
[Site "Moscow"]
[Date "1999.02.12"]
[Round "3"]
[White "Potkin, Vladimir"]
[Black "Chekhov, Valery A"]
[Result "1/2-1/2"]
[WhiteElo "2400"]
[BlackElo "2511"]
[Annotator "Har Zvi,R"]
[PlyCount "52"]
[EventDate "1999.02.10"]
[EventType "swiss"]
[EventRounds "9"]
[EventCountry "RUS"]
[SourceTitle "CBM 070"]
[Source "ChessBase"]
[SourceDate "1999.06.08"]
[SourceVersion "1"]
[SourceVersionDate "1999.06.08"]
[SourceQuality "1"]

1. e4 c5 2. c3 d5 3. exd5 Qxd5 4. d4 Nf6 5. Nf3 Bg4 6. Be2 e6 7. O-O Nc6 8. h3
Bh5 9. Be3 cxd4 10. cxd4 Be7 11. Nc3 Qd6 12. Qb3 O-O 13. Rfd1 Rfd8 14. a3 a6 (
14... Rac8 15. Rac1 Qb8 $6 (15... Nd5 16. Nxd5 Qxd5 {/\} 17. Qxb7 $2 Nxd4 $15)
16. d5 $1 $14 Nxd5 17. Nxd5 exd5 18. Rxd5 Bg6 (18... Rxd5 19. Qxd5 Bg6 20. b4
$14) 19. Rb5 $1 b6 (19... Rd7 20. Bc4 $5 (20. Qa4 {/\ Bf4+/=}) 20... Bd6 (20...
Bf6 $2 21. Be6 $1 fxe6 22. Qxe6+ Rf7 23. Rxc6 $16) 21. Bd5 $14) 20. Rd5 $14 {
1-0 Nunn,J-Lutz,C/Deutschland 1994/Inf 62/[Nunn,J] (40) /\ Ba6}) (14... Nd5 15.
Nxd5 Qxd5 16. Qxd5 Rxd5 17. g4 Bg6 18. Bc4 Rdd8 19. Ne5 (19. d5 $2 {Hansen,Cu}
Na5 (19... exd5 20. Bxd5 Bf6 $11) 20. Ba2 Be4 $17) 19... Be4 $15 {Hansen,Cu 1/
2-1/2 Bashkov,V-Schlosser,P/EUCup f (Bayern-Cheliabinsk) 1992/[Hansen,Cu] (54)}
) (14... Rab8 15. Rac1 Nd5 16. Nxd5 exd5 17. Qb5 f6 18. b4 Re8 19. Rc3 Bd8 20.
Qc5 Be7 21. Qxd6 {1/2-1/2 Sermek,D-Lutz,C/Ptuj zt 1995/CBM 47}) 15. Rac1 b5 {
well to be honest I do not understand why white is playing this position since
he has nothing more than equal in my opinion,well one day he will play "d5"
with a drawish endgame so why should black complain} 16. d5 {but where is
white's advantage after Nxd5 ? probably no advantage at all} (16. g4 Bg6 17. g5
Ne4 18. d5 Na5 19. Qa2 Nxc3 20. Rxc3 exd5 21. Bc5 Qe6 22. Nd4 Qe5 23. f4 Qc7
24. b4 Bxc5 25. Rxc5 Qxf4 26. bxa5 Qg3+ 27. Kf1 Qxh3+ $40 {0-1 Zifroni,
D-Banikas,H/EUchJM-U18 1994/EXT 94ch2 (37)}) (16. Qc2 Rac8 17. Ng5 Bg6 18. Qd2
h6 19. Nf3 Ne4 20. Nxe4 Bxe4 21. Ne1 Qd5 $15 {[%csl Rd4] 0-1 Romanovich,
L-Kochyev,A/RUS-Cup1 Chigorin mem 1996/EXP 56 (60)}) 16... Na5 $6 {I am not
sure about this move but I think it's a mistake,well again black should simply
play Nxd5 with about equal the knight on "a5" is not so great} (16... Nxd5 17.
Nxd5 (17. Bb6) 17... exd5 18. Rc5 (18. Bb6 Rd7 19. Rc5 Rb8 20. Rdxd5 (20. Rcxd5
Qe6 $19) 20... Qe6 21. Rxd7 Qxb3 22. Rxc6 Bxf3 (22... Bf6 $4 23. Nd2 $18 {
[%csl Rb3,Rh5]}) 23. Bxf3 Bf6 $17 24. Ba7 Re8 25. Bd5 Qd1+) 18... Qe6 19. Rcxd5
Rxd5 20. Qxd5 Qxd5 21. Rxd5 Bg6 $11) (16... exd5 17. g4 Bg6 18. g5 {this is
the big difference from the game Zifroni-Banikas mentioned above since now
after the "f" knight white playes Nxd5 ,which was not possible in that game})
17. Qa2 exd5 $6 {this seems quite risky after 17...Nxd5 now black gets slighly
sorse but not so much now he maybe is serious trouble} (17... Nxd5 18. Nxd5
exd5 19. Bc5 Qf6 20. Rxd5 $14 {[%csl Ra5]}) 18. g4 Bg6 19. g5 Ne4 (19... Ne8
20. Rxd5 (20. Nxd5 {this is much less good here then after Ne4 since black's
Queen has the "e" file} Qe6 (20... Qe6 21. Bb6 $1 Qxe2 (21... Rd7) 22. Rd2 Qe4
(22... Qxf3 23. Nxe7+ Kf8 24. Nxg6+ hxg6 25. Rxd8 Rxd8 26. Bxd8 Nc4 27. Re1 (
27. b3 Ne3 $19) 27... Qxh3 $11)) 21. Bb6 Qxe2) 20... Qb8 21. Ne5 Bd6 22. Nxg6
hxg6 23. Ne4 $36 {[%csl Ra5]}) 20. Nxd5 Qe6 21. Bb6 $6 {it is really hard to
believe but this move is probably white's mistake after he has no longer the
advantage,the correct was a very strange move 21.Nh4 after white seems to be
better in all the variations} (21. Nh4 $3 {[%cal Ge2g4]} Bxg5 (21... Nxg5 $2
22. Bg4 Qe5 23. f4 Qe4 24. Rd4 $18) (21... Nc4 22. Bg4 Qxd5 (22... Qd6 23. Bf4
Qc5 24. Nxg6 hxg6 25. b4 Qxd5 26. Rxd5 Rxd5 27. Bf3 $18 Rd4 28. Re1 Nc3 29. Qa1
) 23. Rxd5 Rxd5 24. Nxg6 hxg6 25. Bf3 Re5 (25... Nxe3 26. Bxe4 Rxg5+ 27. Kh1)
26. Rxc4 bxc4 27. Qxc4 $18) 22. Bg4 Qe8 23. Bxg5 Nxg5 24. Nc7 $16) 21... Bd6 $1
{a very very powerful move, black simply does not care about the material at
this moment and goes for white's king with full power} 22. Bxa5 (22. Bf1 Bh5
23. Nd4 Qg6 24. Bxa5 Qxg5+ 25. Bg2 Bxd1 26. Rxd1 Re8 $13) (22. Kg2 Bf5 {
[%cal Gf5h3]} (22... Nxg5 23. Nxg5 Qxe2 24. Bxa5) 23. Nf6+ (23. Ng1 Nxg5 $17)
23... gxf6 24. Qxe6 fxe6 25. Bxa5 Rdc8 $11) 22... Qxh3 23. Bxd8 (23. Ne3 Bh5
$19) 23... Qg4+ 24. Kf1 Qh3+ 25. Kg1 {[%mdl 844] white has nothing better than
draw, since Ke1 is very dangerous for him} (25. Ke1 Qh1+ 26. Bf1 Qxf3 27. Bb6
Re8 28. Be3 Nxf2 29. Be2 Qh1+ 30. Kxf2 Qh4+ 31. Kf1 Qh1+ (31... Be4 32. Nf6+
gxf6 33. Rxd6 Qh1+ 34. Kf2 Qg2+ 35. Ke1 Bf3 36. Qxf7+ $3 Kxf7 37. Rxf6+ Kg7 38.
Rxf3) 32. Kf2 (32. Bg1 Qh3+ 33. Ke1 Bg3+ 34. Bf2 (34. Kd2 Rxe2+ 35. Kxe2 Qg2+
36. Ke3 Qe4+ 37. Kd2 Qd3#) 34... Bxf2+ 35. Kd2 (35. Kxf2 Qh2+ 36. Kf1 Qxe2+ 37.
Kg1 Be4) 35... Be3+ {and the game is over}) 32... Qh4+ 33. Kf1 Qh1+) 25... Qg4+
26. Kf1 Qh3+ 1/2-1/2